Most Streamed Justin Bieber Songs - Statistics

General Stats
  • This quiz has been taken 441 times
    141 since last reset
  • The average score is 11 of 26
Answer Stats
Streams Song % Correct
1,345,350,000 Baby
96%
2,609,800,000 Sorry
86%
2,942,400,000 Love Yourself
73%
1,950,000,000 What Do You Mean?
67%
1,850,800,000 Peaches (with Daniel Caesar & Giveon)
62%
3,705,300,000 Stay (with Kid Laroi)
61%
870,060,000 Yummy
54%
1,330,600,000 Beauty And A Beat
52%
2,100,500,000 Ghost
52%
953,500,000 Lonely (with Benny Blanco)
49%
915,050,000 Confident
43%
2,705,650,000 Let Me Love You (with Dj Snake)
39%
770,840,000 Company
35%
865,870,000 Holy (with Chance The Rapper)
35%
1,350,250,000 Intentions (feat. Quavo)
33%
1,220,670,000 Where Are U Now (with Jack U)
32%
1,770,900,000 Cold Water
30%
1,340,800,000 Stuck With U (with Ariana Grande)
28%
1,850,100,000 Despacito - Remix
27%
2,100,200,000 I Don't Care (with Ed Sheeran)
24%
870,360,000 Eenie Meenie
22%
1,190,100,000 10,000 Hours (with Dan & Shay)
21%
850,960,000 Hold On
20%
790,090,000 Anyone
18%
890,700,000 2U (with David Guetta)
13%
915,770,000 Misletoe
3%
No matching quizzes found
Score Distribution
Percent of People with Each Score
Percentile by Number Answered
Your Score History
You have not taken this quiz since the last reset